000 00258nam a2200109Ia 4500
008 220216s9999 xx 000 0 und d
245 0 _aRecycled rubber speed bump
260 _bRubber India
_c2012
300 _a74
650 _aRubber speed bump
942 _cJS
999 _c66552
_d66552